[Event "It (open)"]
[Site "masterchessopen.com Oakham (England)"]
[Round "8"]
[White "Stefansson Hannes (ISL)"]
[Black "Brenninkmeijer Joris (NED)"]
[Result "0-1"]
[WhiteElo "2562"]
[BlackElo "2390"]

1.d4 Nf6 2.c4 e6 3.Nc3 Bb4 4.e3 c5 5.Bd3 Nc6 6.Ne2 cxd4 7.exd4 d5 8.a3 dxc4
9.Bxc4 Bd6 10.Bg5 O-O 11.Qc2 h6 12.Bh4 g5 13.Bg3 Bxg3 14.hxg3 Nxd4 15.Nxd4
Qxd4 16.Qe2 Kg7 17.Bd3 Bd7 18.O-O-O Bc6 19.f4 gxf4 20.gxf4 Qxf4+ 21.Kb1 Rad8
22.Ka1 Rd4 23.Rh3 Rfd8 24.Qe1 Qg5 25.Be2 Rxd1+ 26.Bxd1 Qc1+ 27.Ka2 Rd2 {#R}
0-1

[Event "It (open)"]
[Site "masterchessopen.com Oakham (England)"]
[Round "4"]
[White "Thorhallsson Throstur (ISL)"]
[Black "Plaskett Jim (ENG)"]
[Result "0-1"]
[WhiteElo "2388"]
[BlackElo "2450"]

1.d4 Nf6 2.c4 e6 3.Nc3 Bb4 4.e3 c5 5.Bd3 Nc6 6.Ne2 d5 7.O-O dxc4 8.Bxc4 O-O
9.a3 Bxc3 10.bxc3 e5 11.a4 Re8 12.Rb1 Qc7 13.f3 Rd8 14.Qe1 exd4 15.exd4 cxd4
16.Bf4 Qa5 17.Qh4 d3 18.Rb5 Qxa4 19.Rg5 Qxc4 20.Rxg7+ Kf8 21.Nd4 Rxd4 22.Qxf6
Rxf4 23.Qg5 Ne7 24.Rxh7 Ke8 25.Rh8+ Kd7 26.Re1 Nc6 27.Rhe8 d2 28.R1e7+ Nxe7
{#R} 0-1

[Event "It (cat.11)"]
[Site "masterchessopen.com Protvino (Russia)"]
[Round "39"]
[White "Conquest Stuart (ENG)"]
[Black "Razuvaev Yuri S (RUS)"]
[Result "0-1"]
[WhiteElo "2490"]
[BlackElo "2535"]

1.d4 Nf6 2.c4 e6 3.Nc3 Bb4 4.e3 c5 5.Bd3 Nc6 6.Ne2 cxd4 7.exd4 d5 8.cxd5 Nxd5
9.O-O Nf6 10.Bg5 Be7 11.a3 O-O 12.Bc2 Bd7 13.Qd3 g6 14.Qf3 Re8 15.Rad1 Na5
16.Bh6 Rc8 17.Nf4 Nc4 18.d5 e5 19.Ne6 Qb6 20.Ne4 Nxe4 21.Bxe4 fxe6 22.Qg3 exd5
23.Rxd5 Red8 24.h4 Qe6 25.Rfd1 Bc6 26.h5 Rxd5 27.Rxd5 g5 28.Bxg5 Kh8 29.h6 Rg8
30.Bxe7 Rxg3 31.Rd8+ Rg8 32.Bf8 Qxh6 {#R} 0-1

[Event "It (open)"]
[Site "masterchessopen.com Saint John (Canada)"]
[Round "0"]
[White "Foisor Ovidiu Doru (ROM)"]
[Black "Hebert Jean (CAN)"]
[Result "1-0"]
[WhiteElo "2381"]
[BlackElo "2416"]

1.d4 Nf6 2.c4 e6 3.Nc3 Bb4 4.e3 c5 5.Bd3 Nc6 6.Ne2 cxd4 7.exd4 d5 8.cxd5 Nxd5
9.a3 Be7 10.Bc2 O-O 11.Qd3 g6 12.h4 Nxc3 13.bxc3 e5 14.Qg3 exd4 15.h5 Bd6
16.Bf4 Bxf4 17.Nxf4 g5 18.h6 f6 19.O-O dxc3 20.Rad1 Nd4 21.Qxc3 gxf4 22.Rxd4
Qb6 23.Rxf4 Kh8 24.Re1 {#r} 1-0

[Event "Ch URS (qual)"]
[Site "masterchessopen.com Uzhgorod (Ukraine)"]
[Round "0"]
[White "Guseinov Aidyn (AZE)"]
[Black "Ulibin Mikhail (RUS)"]
[Result "1-0"]
[WhiteElo "2325"]
[BlackElo "2390"]

1.d4 e6 2.c4 Nf6 3.Nc3 Bb4 4.e3 c5 5.Bd3 Nc6 6.Ne2 d5 7.cxd5 Nxd5 8.O-O cxd4
9.exd4 O-O 10.Bc2 Re8 11.Qd3 g6 12.Bb3 Bf8 13.Qg3 Nxc3 14.bxc3 Na5 15.Bg5 Be7
16.Bxe7 Qxe7 17.Nf4 b6 18.Rfe1 Nxb3 19.axb3 Bb7 20.Re5 Kh8 21.d5 Qf6 22.dxe6
fxe6 23.Rae1 Rad8 24.h4 Rd6 25.h5 gxh5 26.Nxh5 Qf7 27.Rf5 {#r} 1-0

[Event "Ch URS (qual)"]
[Site "masterchessopen.com Uzhgorod (Ukraine)"]
[Round "0"]
[White "Piskov Yury (RUS)"]
[Black "Savon Vladimir A (UKR)"]
[Result "0-1"]
[WhiteElo "2415"]
[BlackElo "2430"]

1.d4 Nf6 2.c4 e6 3.Nc3 Bb4 4.e3 c5 5.Bd3 Nc6 6.Ne2 cxd4 7.exd4 d5 8.a3 dxc4
9.Bxc4 Be7 10.O-O O-O 11.Qd3 a6 12.Rd1 b5 13.Ba2 Bb7 14.b4 Bd6 15.Bg5 Bxh2+
16.Kh1 Bd6 17.Qh3 h6 18.d5 hxg5 19.dxc6 Bxc6 20.Bxe6 Re8 21.Bf5 Bb7 22.Ng3 Re5
23.f3 Qe7 24.Nce4 Bxe4 25.Nxe4 Rd8 26.Rac1 g6 27.Nxf6+ Qxf6 28.Be4 g4 29.Qxg4
Rg5 30.Rxd6 Rxd6 31.Qc8+ Rd8 32.Qc7 Rh5+ 33.Kg1 Qd4+ {#R} 0-1

[Event "It (open)"]
[Site "masterchessopen.com Val Thorens (France)"]
[Round "0"]
[White "Villeneuve Alain (FRA)"]
[Black "Boudre Jean-Pierre (FRA)"]
[Result "0-1"]
[WhiteElo "2261"]
[BlackElo "2299"]

1.d4 Nf6 2.c4 e6 3.Nc3 Bb4 4.e3 c5 5.Bd3 Nc6 6.Nf3 Bxc3+ 7.bxc3 d6 8.O-O e5
9.Ng5 O-O 10.f4 exd4 11.cxd4 h6 12.d5 Nb4 13.Nf3 Re8 14.Bb1 b5 15.a3 Na6
16.cxb5 Nc7 17.a4 Ncxd5 18.Ra3 Bb7 19.Re1 Nb4 20.Bb2 a6 21.Nd2 axb5 22.axb5
Bxg2 23.Kxg2 Rxa3 24.Bxa3 Qa8+ 25.Nf3 Qxa3 26.Qxd6 Nbd5 27.e4 Qb2+ 28.Kg1 Ng4
29.Qxc5 Nde3 30.Bc2 Nxc2 31.Qc6 Nxe1 {#R} 0-1

[Event "It (open)"]
[Site "masterchessopen.com Wiesbaden (Germany)"]
[Round "2"]
[White "Rapp Ralf (GER)"]
[Black "Schmittdiel Eckhard (GER)"]
[Result "0-1"]
[WhiteElo "2255"]
[BlackElo "2420"]

1.d4 Nf6 2.c4 e6 3.Nc3 Bb4 4.e3 c5 5.Bd3 Nc6 6.Ne2 b6 7.O-O O-O 8.a3 Bxc3
9.Nxc3 cxd4 10.exd4 d5 11.cxd5 Nxd5 12.Be4 Bb7 13.Bxd5 exd5 14.b4 Rc8 15.Qd3
Qd7 16.Be3 Ne7 17.Rac1 Rc4 18.Nb1 Ba6 19.Qb3 Nf5 20.Rfd1 Re8 21.Rxc4 dxc4
22.Qc3 Bb7 23.Re1 Nh4 24.f3 Nxg2 {#R} 0-1

[Event "Ch Bayern (b)"]
[Site "masterchessopen.com Bayern (Germany)"]
[Round "0"]
[White "Gerlach Manuela (GER)"]
[Black "Loew Gerald (GER)"]
[Result "0-1"]
[WhiteElo "2062"]
[BlackElo "2266"]

1.d4 Nf6 2.c4 e6 3.Nc3 Bb4 4.e3 c5 5.Bd3 Nc6 6.Nf3 Bxc3+ 7.bxc3 d6 8.e4 e5
9.O-O h6 10.h3 g5 11.Nxg5 hxg5 12.Bxg5 Rg8 13.h4 cxd4 14.f4 dxc3 15.fxe5 Qb6+
16.Kh1 Ng4 17.Qe1 Ncxe5 18.Be2 Be6 19.Rf4 Rxg5 20.hxg5 O-O-O 21.Qh4 Ng6 {#R}
0-1

[Event "It (open)"]
[Site "masterchessopen.com Belgorod (Russia)"]
[Round "0"]
[White "Tabatadze Tamaz (GEO)"]
[Black "Karpman Vadim (UKR)"]
[Result "1-0"]
[WhiteElo "2310"]
[BlackElo "2480"]

1.d4 Nf6 2.c4 e6 3.Nc3 Bb4 4.e3 c5 5.Bd3 Nc6 6.Ne2 cxd4 7.exd4 d5 8.cxd5 Nxd5
9.O-O O-O 10.Bc2 Bd6 11.Ne4 b6 12.a3 Ba6 13.Re1 Rc8 14.Nxd6 Qxd6 15.Nc3 Nf6
16.Bg5 Qxd4 17.Qf3 Qg4 18.Qe3 Nd4 19.Bd1 Qf5 20.g4 Qg6 21.h4 h6 22.Qxd4 hxg5
23.Qa4 gxh4 24.Qxa6 Nxg4 25.Qb7 Rc5 26.Bxg4 Qxg4+ 27.Qg2 {#r} 1-0

[Event "It (open) \"]
[Site "masterchessopen.com Budapest (Hungary)"]
[Round "0"]
[White "Glek Igor V (GER)"]
[Black "Schlosser Michael (AUT)"]
[Result "1-0"]
[WhiteElo "2505"]
[BlackElo "2430"]

1.d4 Nf6 2.c4 e6 3.Nc3 Bb4 4.e3 c5 5.Bd3 Nc6 6.Ne2 cxd4 7.exd4 d5 8.a3 Be7
9.O-O O-O 10.c5 e5 11.b4 exd4 12.Nb5 a5 13.Rb1 axb4 14.axb4 Ne4 15.Bxe4 dxe4
16.Nexd4 Nxd4 17.Nxd4 Bf6 18.Be3 Ra3 19.Rb3 Rxb3 20.Nxb3 Be6 21.Na5 Bd5 22.Qd2
Bc6 23.Qxd8 Rxd8 24.Rb1 Rd7 25.Nxc6 bxc6 26.b5 cxb5 27.Bf4 g5 28.c6 Rd8 29.c7
Ra8 30.Bd6 Bc3 31.g3 b4 32.Bxb4 Be5 33.Ba5 {#r} 1-0

[Event "It (open)"]
[Site "masterchessopen.com Caorle (Italy)"]
[Round "1"]
[White "Zechner C"]
[Black "Bistric Faruk (BIH)"]
[Result "0-1"]
[WhiteElo "2000"]
[BlackElo "2364"]

1.d4 Nf6 2.c4 e6 3.Nc3 Bb4 4.e3 c5 5.Bd3 Nc6 6.Nf3 Bxc3+ 7.bxc3 d6 8.O-O e5
9.Nd2 O-O 10.f4 exd4 11.cxd4 cxd4 12.exd4 Nxd4 13.Ne4 Bf5 14.Ng3 Bxd3 15.Qxd3
Nc6 16.Rb1 d5 17.Rxb7 Na5 18.Rb5 Nxc4 19.f5 h6 20.Rd1 Re8 21.Qd4 Qd7 22.Rc5
Qe7 23.Rc6 Rac8 24.Ra6 Nb6 25.Ra5 Rc4 26.Qd3 Qc7 27.Bb2 Nbd7 28.Ra3 Qb6+
29.Bd4 Rxd4 30.Qxd4 Re1+ 31.Kf2 Rxd1 {#R} 0-1

[Event "It (open)"]
[Site "masterchessopen.com Edinburgh (Scotland)"]
[Round "6"]
[White "Riemersma Liafbern (NED)"]
[Black "Wells Peter K (ENG)"]
[Result "0-1"]
[WhiteElo "2420"]
[BlackElo "2400"]

1.d4 Nf6 2.c4 e6 3.Nc3 Bb4 4.e3 c5 5.Bd3 Nc6 6.Ne2 cxd4 7.exd4 d5 8.cxd5 Nxd5
9.Bc2 Bd6 10.Ne4 Be7 11.a3 b6 12.Qd3 Bb7 13.O-O Qd7 14.Bd2 Nf6 15.Nxf6+ Bxf6
16.Bc3 Ne7 17.Nf4 Nd5 18.Nxd5 Bxd5 19.Rfe1 g6 20.a4 a5 21.Qg3 O-O 22.Bd3 Rfd8
23.Bb5 Qd6 24.Qe3 Rac8 25.Red1 Bb3 26.Rd2 Bc4 27.Bxc4 Rxc4 28.b3 Rc6 29.Rad1
Qd5 30.Bb2 Bg5 31.f4 Bf6 32.g4 b5 33.axb5 Rb6 {#R} 0-1

[Event "Ch URS (1/2 final)"]
[Site "masterchessopen.com Frunze (Kyrgyzstan)"]
[Round "0"]
[White "Martynov Pavel (RUS)"]
[Black "Bagaturov Giorgi (GEO)"]
[Result "0-1"]
[WhiteElo "2223"]
[BlackElo "2365"]

1.d4 Nf6 2.c4 e6 3.Nc3 Bb4 4.e3 c5 5.Bd3 d5 6.cxd5 Nxd5 7.Ne2 cxd4 8.exd4 Nd7
9.a3 Nxc3 10.bxc3 Bd6 11.Bc2 Qc7 12.Qd2 b6 13.Qg5 O-O 14.Bd2 Ba6 15.Ng3 Nf6
16.Qe3 Rae8 17.Ba4 Rc8 18.Bb3 Rfe8 19.a4 Bxg3 20.hxg3 e5 21.O-O-O exd4 22.Qxd4
Re4 23.Bf4 Qc6 24.Bd5 Nxd5 25.Qxe4 Qxc3+ 26.Kb1 Qb3+ {#R} 0-1

[Event "Ch Czech Republic (open)"]
[Site "masterchessopen.com Karvina (Czech Republic)"]
[Round "3"]
[White "Jerabek Petr (CZE)"]
[Black "Hracek Zbynek (CZE)"]
[Result "0-1"]
[WhiteElo "2219"]
[BlackElo "2624"]

1.d4 Nf6 2.c4 e6 3.Nc3 Bb4 4.e3 c5 5.Bd3 Nc6 6.Ne2 d5 7.cxd5 Nxd5 8.a3 Nxc3
9.Nxc3 Bxc3+ 10.bxc3 O-O 11.O-O Re8 12.a4 e5 13.d5 Ne7 14.c4 Ng6 15.Bb2 e4
16.Bc2 Qg5 17.Kh1 Nh4 18.Rg1 Bg4 19.Qf1 Rad8 20.Bd1 Bxd1 21.Rxd1 Nf5 22.Re1
Rd6 23.g3 Rh6 24.Rg2 Qg4 25.Qe2 Qxe2 26.Rxe2 Ra6 {#R} 0-1

[Event "Ch Ukraine"]
[Site "masterchessopen.com Kherson (Ukraine)"]
[Round "0"]
[White "Neverov Valeriy (UKR)"]
[Black "Maksimenko Andrei (UKR)"]
[Result "1-0"]
[WhiteElo "2430"]
[BlackElo "2553"]

1.d4 Nf6 2.c4 e6 3.Nc3 Bb4 4.e3 c5 5.Bd3 cxd4 6.exd4 d5 7.Nf3 dxc4 8.Bxc4 Nbd7
9.O-O Nb6 10.Bb3 Bd7 11.Bg5 Be7 12.Ne5 Bc6 13.f4 O-O 14.f5 exf5 15.Rxf5 Nfd5
16.Bxe7 Qxe7 17.Qd3 Rad8 18.Raf1 f6 19.Rh5 g5 20.Ng4 Rd7 21.h4 gxh4 22.Ne3
Rfd8 23.Rff5 {#r} 1-0

[Event "It (open)"]
[Site "masterchessopen.com Lugano (Switzerland)"]
[Round "6"]
[White "Gawehns Klaus (GER)"]
[Black "Belotti Bruno (ITA)"]
[Result "0-1"]
[WhiteElo "2386"]
[BlackElo "2433"]

1.d4 Nf6 2.c4 e6 3.Nc3 Bb4 4.e3 c5 5.Bd3 Nc6 6.Nf3 d6 7.Bd2 e5 8.d5 Ne7 9.e4
O-O 10.a3 Bxc3 11.Bxc3 Ne8 12.b4 b6 13.bxc5 bxc5 14.O-O f5 15.exf5 Nxf5 16.Rb1
Nf6 17.Nd2 Nd4 18.Ne4 Nxe4 19.Bxe4 Qh4 20.Qd3 Ba6 21.f4 Rxf4 22.Rxf4 Qxf4
23.Bxh7+ Kh8 24.Bxd4 cxd4 25.Be4 Bxc4 26.Qh3+ Qh6 27.Qf5 Kg8 28.g4 Rf8 29.g5
Qh4 30.Qe6+ Kh8 31.Qxd6 Qxe4 {#R} 0-1

[Event "It (open)"]
[Site "masterchessopen.com Lugano (Switzerland)"]
[Round "2"]
[White "Gawehns Klaus (GER)"]
[Black "Schneiders A (NED)"]
[Result "1-0"]
[WhiteElo "2386"]
[BlackElo "2163"]

1.d4 Nf6 2.c4 e6 3.Nc3 Bb4 4.e3 c5 5.Bd3 Nc6 6.Nf3 Bxc3+ 7.bxc3 d6 8.O-O O-O
9.e4 e5 10.d5 Ne7 11.Ne1 Ng6 12.g3 Bh3 13.Ng2 h6 14.Re1 Bd7 15.Rb1 b6 16.Ne3
Re8 17.Rb2 Qc8 18.Nf5 Bxf5 19.exf5 Nf8 20.Bc2 N8h7 21.g4 Qa6 22.Bb3 Ng5 23.h4
Nh3+ 24.Kh1 Qa5 25.Qf3 Nf4 26.Bxf4 exf4 27.Rbe2 Kf8 28.g5 Rxe2 29.Rxe2 Nd7
30.gxh6 gxh6 31.Qxf4 Qxc3 32.Qxh6+ Kg8 33.Re3 {#r} 1-0

[Event "Ch Moscow (I liga)"]
[Site "masterchessopen.com Moscow (Russia)"]
[Round "0"]
[White "Gagarin Vasilij (RUS)"]
[Black "Dragomarezkij Evgeni (RUS)"]
[Result "1-0"]
[WhiteElo "2419"]
[BlackElo "2404"]

1.d4 Nf6 2.c4 e6 3.Nc3 Bb4 4.e3 c5 5.Bd3 cxd4 6.exd4 d5 7.cxd5 Nxd5 8.Ne2 Nd7
9.O-O N7f6 10.Nxd5 Nxd5 11.Nf4 O-O 12.Nxd5 Qxd5 13.Qc2 h6 14.Be3 Bd6 15.Bh7+
Kh8 16.Be4 Qb5 17.Qd2 Qh5 18.Bf4 Rd8 19.Bxd6 Rxd6 20.Qb4 Rd8 21.Qe7 Rg8
22.Rac1 Qe2 23.Rfe1 Qh5 24.Bf3 Qg6 25.h4 Qf6 26.Rc7 Qxe7 27.Rxe7 Rf8 28.Rc1
Rb8 29.Rcc7 a5 30.Bh5 b5 31.Bxf7 Rb6 32.Re8 Rxe8 33.Bxe8 {#r} 1-0

[Event "It (open)"]
[Site "masterchessopen.com Muenster (Germany)"]
[Round "5"]
[White "Herzog Juerg (SUI)"]
[Black "Haselhorst Helmut (GER)"]
[Result "1-0"]
[WhiteElo "2300"]
[BlackElo "2139"]

1.d4 Nf6 2.c4 e6 3.Nc3 Bb4 4.e3 c5 5.Bd3 Nc6 6.Nf3 d6 7.O-O Bxc3 8.bxc3 e5
9.Ng5 Qe7 10.Qc2 Bd7 11.f4 O-O-O 12.fxe5 dxe5 13.Ne4 Nxe4 14.Bxe4 Na5 15.Rb1
Be6 16.Ba3 b6 17.dxc5 Nxc4 18.Qa4 Nxa3 19.Rxb6 Nc4 20.Qa6+ Kd7 {#r} 1-0

[Event "It (open)"]
[Site "masterchessopen.com Philadelphia (USA)"]
[Round "0"]
[White "Magar Thomas P (USA)"]
[Black "Silman Jeremy D (USA)"]
[Result "0-1"]
[WhiteElo "2079"]
[BlackElo "2410"]

1.d4 Nf6 2.c4 e6 3.Nc3 Bb4 4.e3 c5 5.Bd3 Nc6 6.Ne2 cxd4 7.exd4 d5 8.O-O dxc4
9.Bxc4 O-O 10.a3 Bd6 11.h3 b6 12.Bd3 h6 13.Be3 Ne7 14.Rc1 Bb7 15.Qd2 Ng6
16.Bxg6 fxg6 17.Nf4 Qe8 18.Qd3 g5 19.Ng6 Rf7 20.Ne5 Bxe5 21.dxe5 Rd8 22.Qe2
Nd7 23.f4 gxf4 24.Bxf4 Nc5 25.Qe3 Ba6 26.Rfd1 Nd3 27.Ne4 Nxf4 28.Nd6 Ne2+
29.Kh2 Rxd6 30.exd6 Nxc1 31.Rxc1 Bb7 32.Rc2 e5 33.Qb3 Kh8 {#R} 0-1

[Event "Ch Scotland"]
[Site "masterchessopen.com St. Andrews (Scotland)"]
[Round "5"]
[White "Muir Andrew J (SCO)"]
[Black "Grant Jonathan (SCO)"]
[Result "0-1"]
[WhiteElo "2250"]
[BlackElo "2209"]

1.d4 Nf6 2.c4 e6 3.Nc3 Bb4 4.e3 c5 5.Bd3 Nc6 6.Ne2 cxd4 7.exd4 d5 8.cxd5 Nxd5
9.a3 Bd6 10.Ne4 Be7 11.Bc2 O-O 12.Qd3 e5 13.N4c3 g6 14.dxe5 Nxc3 15.Qxc3 Qd5
16.Bh6 Rd8 17.e6 f6 18.O-O Qh5 19.Qe3 g5 20.Ng3 Qxh6 21.Nf5 Qf8 22.Rfe1 Ne5
23.Qh3 Rd2 24.Be4 Bxe6 25.Nh6+ Kh8 26.Qxe6 Bc5 27.Qh3 Bxf2+ 28.Kh1 Bxe1
29.Rxe1 Rd7 30.Nf5 Re8 31.Bc2 Nd3 32.Rxe8 Nf2+ 33.Kg1 Nxh3+ {#R} 0-1

[Event "It (open)"]
[Site "masterchessopen.com St. Ingbert (Germany)"]
[Round "6"]
[White "Osmanovic Faruk (GER)"]
[Black "Baer Soeren (GER)"]
[Result "1-0"]
[WhiteElo "2010"]
[BlackElo "2150"]

1.d4 Nf6 2.c4 e6 3.Nc3 Bb4 4.e3 c5 5.Bd3 Nc6 6.Ne2 d5 7.cxd5 exd5 8.dxc5 O-O
9.O-O Bxc5 10.Nf4 Kh8 11.h3 Be6 12.b3 Bd6 13.Bb2 Rc8 14.Rc1 a6 15.Nce2 Qe7
16.Ng3 Bxf4 17.exf4 d4 18.Re1 Qd6 19.Qf3 Rfd8 20.Ne4 Nxe4 21.Qxe4 g6 22.Rcd1
Kg8 23.Qf3 Qc5 24.g4 Qa5 25.Bb1 d3 26.Qe3 Nb4 27.f5 Bd7 28.Qh6 {#r} 1-0

[Event "Ch Yugoslavia (team)"]
[Site "masterchessopen.com Yugoslavia"]
[Round "0"]
[White "Maksimovic Suzana (SRB)"]
[Black "Maric Mirjana (SRB)"]
[Result "1-0"]
[WhiteElo "2223"]
[BlackElo "2283"]

1.d4 Nf6 2.c4 e6 3.Nc3 Bb4 4.e3 c5 5.Bd3 Nc6 6.Ne2 cxd4 7.exd4 d5 8.cxd5 Nxd5
9.Bc2 O-O 10.a3 Be7 11.Qd3 g6 12.Bh6 Re8 13.Rd1 Nxc3 14.Qxc3 Qa5 15.O-O Qh5
16.d5 Qxh6 17.dxc6 e5 18.Be4 Rb8 19.Qxe5 Bg4 20.c7 Rbc8 21.Rd8 Qf8 22.Rxe8
Rxe8 23.Nc3 Bb4 24.Qf4 Bxc3 25.Qxg4 Be5 26.Rc1 Rc8 27.Qd7 Bxb2 28.Bxb7 {#r}
1-0

[Event "It"]
[Site "masterchessopen.com Altensteig (Germany)"]
[Round "0"]
[White "Wirthensohn Heinz (SUI)"]
[Black "Schlosser Philipp (GER)"]
[Result "0-1"]
[WhiteElo "2359"]
[BlackElo "2591"]

1.c4 e6 2.d4 Nf6 3.Nc3 Bb4 4.e3 c5 5.Bd3 Nc6 6.Ne2 cxd4 7.exd4 d5 8.cxd5 Nxd5
9.O-O O-O 10.Bc2 Re8 11.Qd3 g6 12.Rd1 Bf8 13.Qg3 Bg7 14.Bb3 Nxc3 15.bxc3 Na5
16.Bg5 Qd7 17.Qf3 Nxb3 18.axb3 Qb5 19.d5 exd5 20.Nd4 Qc5 21.Be3 Qxc3 22.Qxd5
Bg4 23.Rac1 Qb4 24.Rc7 Qf8 25.Rdc1 Rad8 26.Qc4 Bxd4 27.Bxd4 Re4 28.Bf6 Rxc4
29.R7xc4 Rd6 30.Be5 Rc6 31.h3 Rxc4 32.Rxc4 Be6 33.Rd4 f6 34.Bc7 Qc5 {#R} 0-1

[Event "It (a)"]
[Site "masterchessopen.com Budapest (Hungary)"]
[Round "8"]
[White "Gueldner Kurt (GER)"]
[Black "Orso Miklos (HUN)"]
[Result "0-1"]
[WhiteElo "2290"]
[BlackElo "2363"]

1.d4 Nf6 2.c4 e6 3.Nc3 Bb4 4.e3 c5 5.Bd3 Nc6 6.Ne2 d5 7.cxd5 exd5 8.a3 cxd4
9.exd4 Bd6 10.Bg5 O-O 11.Qc2 h6 12.Bh4 Re8 13.O-O-O Be6 14.Kb1 Rc8 15.f3 a6
16.Qd2 Be7 17.Bf2 b5 18.Nf4 b4 19.Nxe6 fxe6 20.axb4 Nxb4 21.Bg6 Rf8 22.Rhe1
Rc6 23.Rc1 Qa5 24.b3 Rb8 25.Na4 Qb5 26.Qe2 Rc4 27.Qxe6+ Kh8 28.Rxc4 dxc4
29.Nc3 Qg5 30.Qf5 Qd2 31.Qe5 Nc6 {#R} 0-1

[Event "Memorial Elekes"]
[Site "masterchessopen.com Budapest (Hungary)"]
[Round "8"]
[White "Lukacs Peter (HUN)"]
[Black "Landenbergue Claude (SUI)"]
[Result "1-0"]
[WhiteElo "2404"]
[BlackElo "2385"]

1.d4 e6 2.c4 Nf6 3.Nc3 Bb4 4.e3 c5 5.Bd3 d6 6.Ne2 Nc6 7.O-O e5 8.d5 Ne7 9.Qc2
Nh5 10.Ne4 O-O 11.N4g3 Nxg3 12.Nxg3 f5 13.f4 e4 14.Be2 Bd7 15.b3 Qa5 16.a3 Bc3
17.Ra2 Be8 18.b4 cxb4 19.axb4 Qxb4 20.Ba3 {#r} 1-0

[Event "Ch Yugoslavia (team)"]
[Site "masterchessopen.com Cetinje (Montenegro)"]
[Round "0"]
[White "Maksimovic Suzana (SRB)"]
[Black "Csonkics Tunde (HUN)"]
[Result "1-0"]
[WhiteElo "2223"]
[BlackElo "2205"]

1.d4 Nf6 2.c4 e6 3.Nc3 Bb4 4.e3 c5 5.Bd3 Nc6 6.Ne2 cxd4 7.exd4 d5 8.cxd5 Nxd5
9.Bc2 Bd6 10.a3 Nxc3 11.Nxc3 O-O 12.Qd3 g6 13.Ne4 Be7 14.Bh6 Re8 15.Rd1 b6
16.d5 exd5 17.Qc3 Ne5 18.O-O Bf6 19.Rxd5 Qe7 20.Nxf6+ Qxf6 21.Re1 Bd7 22.Rdxe5
Rec8 23.Qd4 Bb5 24.Bb3 Rd8 25.Qe3 Qh4 26.Rxb5 {#r} 1-0

[Event "It (open) \"]
[Site "masterchessopen.com Chicago (USA)"]
[Round "1"]
[White "Johnson Robert K (USA)"]
[Black "Formanek Edward W (USA)"]
[Result "0-1"]
[WhiteElo "2139"]
[BlackElo "2320"]

1.d4 Nf6 2.c4 e6 3.Nc3 Bb4 4.e3 c5 5.Bd3 Nc6 6.Ne2 d5 7.O-O dxc4 8.Bxc4 cxd4
9.Nxd4 Nxd4 10.exd4 O-O 11.Bg5 h6 12.Bh4 b6 13.Qb3 Bxc3 14.bxc3 Bb7 15.Rfe1
Rc8 16.Re3 Qc7 17.Bxf6 gxf6 18.Bd3 Kh8 19.Rh3 Qf4 20.Rd1 Rg8 21.Rg3 Rg5 22.Bb1
Bd5 23.Qc2 f5 24.Qd3 Kg7 25.a3 Kf6 26.Qe2 Ke7 27.a4 Rxc3 28.a5 bxa5 29.Rxg5
Qxg5 30.g3 Qg4 {#R} 0-1

[Event "Ch Great Britain (corr.)"]
[Site "masterchessopen.com corr."]
[Round "0"]
[White "Harwood Stanley"]
[Black "Tredinnick Malcolm Robert (AUS)"]
[Result "0-1"]
[WhiteElo "1856"]
[BlackElo "2163"]

1.d4 Nf6 2.c4 e6 3.Nc3 Bb4 4.e3 c5 5.Bd3 Nc6 6.Nf3 Bxc3+ 7.bxc3 d6 8.O-O e5
9.Ng5 O-O 10.Ne4 Bf5 11.Nxf6+ Qxf6 12.e4 Bg6 13.d5 Nd8 14.Qg4 Qe7 15.f4 exf4
16.Bxf4 f6 17.h4 Be8 18.e5 dxe5 19.Bh6 Bd7 20.Qg3 Kh8 21.Be3 Nf7 22.Qf3 e4
23.Qf2 exd3 24.Bxc5 Qe2 25.Bxf8 Qxf2+ 26.Rxf2 Rxf8 27.c5 Ne5 28.Rb1 Bc8 29.Rb4
Kg8 30.Rd4 Kf7 31.c6 bxc6 32.dxc6 Re8 33.Rb2 Re6 {#R} 0-1

[Event "Regionalliga NordS"]
[Site "masterchessopen.com Germany"]
[Round "0"]
[White "Juhnke Karl (GER)"]
[Black "Lueders Gerhard (GER)"]
[Result "1-0"]
[WhiteElo "2178"]
[BlackElo "2189"]

1.d4 Nf6 2.c4 e6 3.Nc3 Bb4 4.e3 c5 5.Bd3 d5 6.a3 Ba5 7.Nf3 cxd4 8.exd4 dxc4
9.Bxc4 a6 10.O-O b5 11.Ba2 Bb7 12.Re1 h6 13.b4 Bb6 14.d5 Ng4 15.Re2 O-O 16.h3
Nxf2 17.Rxf2 Bxf2+ 18.Kxf2 exd5 19.Nxd5 Nd7 20.Bb2 Bxd5 21.Qxd5 Rc8 22.Qf5 Rc6
23.Rd1 Qc8 24.Rxd7 Rc2+ 25.Kg1 Rxb2 26.Bxf7+ Kh8 27.Ne5 {#r} 1-0

[Event "It (open)"]
[Site "masterchessopen.com Kusadasi (Turkey)"]
[Round "0"]
[White "Groszpeter Attila (HUN)"]
[Black "Shneider Aleksandr (UKR)"]
[Result "1-0"]
[WhiteElo "2521"]
[BlackElo "2560"]

1.d4 Nf6 2.c4 e6 3.Nc3 Bb4 4.e3 c5 5.Bd3 Nc6 6.Ne2 cxd4 7.exd4 d5 8.cxd5 Nxd5
9.O-O O-O 10.Bb1 Be7 11.Qd3 g6 12.a3 Nxc3 13.bxc3 e5 14.Bh6 Re8 15.Ba2 exd4
16.cxd4 Bf6 17.Rad1 Be6 18.d5 Bf5 19.Qd2 Ne5 20.Ng3 Qd7 21.h3 Bxh3 22.Qf4 Bf5
23.Bb1 Bg7 24.Bxf5 gxf5 25.Bxg7 Kxg7 26.Qg5+ Kf8 27.Nxf5 f6 28.Qxf6+ Qf7
29.Qd6+ {#r} 1-0

[Event "It (open)"]
[Site "masterchessopen.com Lenk (Switzerland)"]
[Round "8"]
[White "Behle Karl-Willi (GER)"]
[Black "Kupper Patrick (SUI)"]
[Result "1-0"]
[WhiteElo "2256"]
[BlackElo "2292"]

1.d4 e6 2.c4 Nf6 3.Nc3 Bb4 4.e3 c5 5.Bd3 Nc6 6.Ne2 cxd4 7.exd4 d5 8.a3 dxc4
9.Bxc4 Bd6 10.Bg5 O-O 11.Qd3 b6 12.Rd1 Bb7 13.Ba2 Nb8 14.Bb1 Nbd7 15.Qh3 Qb8
16.O-O Re8 17.Ng3 h6 18.Be3 Nd5 19.Nxd5 Bxd5 20.Bxh6 gxh6 21.Qxh6 Bf4 22.Bh7+
Kh8 23.Qh4 Bg5 24.Qxg5 Kxh7 25.Nf5 exf5 26.Rd3 Bxg2 27.Kxg2 Qb7+ 28.Kg1 Rg8
29.Rh3# 1-0

[Event "It (open)"]
[Site "masterchessopen.com Nuernberg (Germany)"]
[Round "7"]
[White "Schroll Ralph (GER)"]
[Black "Loew Gerald (GER)"]
[Result "0-1"]
[WhiteElo "2180"]
[BlackElo "2266"]

1.d4 Nf6 2.c4 e6 3.Nc3 Bb4 4.e3 c5 5.Bd3 Nc6 6.Ne2 d5 7.a3 cxd4 8.exd4 Be7
9.O-O O-O 10.Bf4 dxc4 11.Bxc4 b6 12.Qd3 Bb7 13.Rad1 Nd5 14.Nxd5 exd5 15.Ba2
Bf6 16.Rfe1 Re8 17.Qb5 Nxd4 18.Nxd4 Rxe1+ 19.Rxe1 Bxd4 20.Bc7 Qf8 21.Qd7 h6
22.Bxb6 Bxb6 23.Qxb7 Re8 24.Rc1 Qc5 {#R} 0-1

[Event "Ch World (students)"]
[Site "masterchessopen.com Odessa (Ukraine)"]
[Round "9"]
[White "Bernal Moro Luis Javier (ESP)"]
[Black "Adler Joel (SUI)"]
[Result "1-0"]
[WhiteElo "2431"]
[BlackElo "2266"]

1.d4 Nf6 2.c4 e6 3.Nc3 Bb4 4.e3 c5 5.Bd3 Nc6 6.Ne2 cxd4 7.exd4 d5 8.cxd5 Nxd5
9.Bc2 Bd6 10.a3 Nxc3 11.bxc3 e5 12.O-O O-O 13.Qd3 g6 14.Bh6 Re8 15.Qd2 Qc7
16.Ng3 Na5 17.Ne4 Be7 18.dxe5 Nc4 19.Qd4 Nxe5 20.f4 {#r} 1-0